Increasing productivity of intensive rice systems through site-specific nutrient management / (Record no. 16952)
[ view plain ]
| 000 -LEADER | |
|---|---|
| fixed length control field | 00496cam a22001694a 4500 |
| 020 ## - INTERNATIONAL STANDARD BOOK NUMBER | |
| ISBN | 1578082668 |
| 040 ## - CATALOGING SOURCE | |
| Transcribing agency | DLC |
| 082 00 - DEWEY DECIMAL CLASSIFICATION NUMBER | |
| Classification number | 633 IRR 2004 A109 Or. |
| 245 00 - TITLE STATEMENT | |
| Title | Increasing productivity of intensive rice systems through site-specific nutrient management / |
| 260 ## - PUBLICATION, DISTRIBUTION, ETC. (IMPRINT) | |
| Place of publication | Enfield, N.H. : |
| Name of publisher | IRRI, Science Publishers, |
| Year of publication | 2004. |
| 300 ## - PHYSICAL DESCRIPTION | |
| Number of Pages | x, 410 p. : |
| Other physical details | ill. ; |
| Dimensions | 24 cm. |
| 650 #0 - SUBJECT ADDED ENTRY--TOPICAL TERM | |
| Topical Term | Rice |
| 700 1# - ADDED ENTRY--PERSONAL NAME | |
| Personal name | Dobermann, Achim. |
| 700 1# - ADDED ENTRY--PERSONAL NAME | |
| Personal name | Witt, C. |
| 700 1# - ADDED ENTRY--PERSONAL NAME | |
| Personal name | Dawe, David Charles. |
| 942 ## - ADDED ENTRY ELEMENTS (KOHA) | |
| Koha item type | សៀវភៅភាសាអង់គ្លេស |
| 952 ## - LOCATION AND ITEM INFORMATION (KOHA) | |
| Withdrawn status [LOCAL, KOHA] | 0 |
| Permanent Location | Date acquired | Koha item type | Lost status | Shelving location | Barcode | Current Location | Full call number |
|---|---|---|---|---|---|---|---|
| Library Block A | 2018-07-06 | សៀវភៅភាសាអង់គ្លេស | A109 | A14612 | Library Block A | 633 IRR 2004 A109 Or. |